Petroleum Taxation Oil and Gas Industry Fiscal Regimes of Tanzania /

Detalles Bibliográficos
Autor principal: Mgaya, Raphael Bahati Tweve
Formato: eBook
Lenguaje:inglés
Publicado: Dodoma: Lambert Academic Publishing, 2019
Materias:
Acceso en línea:Acceso restringido

MARC

LEADER 00000nam a22000007a 4500
005 20190919232656.0
007 cr|||| ||||
008 190919s2019 tz |||||s|||| 00||0 eng d
020 |a 9786139456000 
035 |a 29717 
040 |a vLex 
090 |c 9601  |d 9601 
100 1 |a Mgaya, Raphael Bahati Tweve 
245 1 0 |a Petroleum Taxation  |h [Recurso electrn̤ico] :  |b Oil and Gas Industry Fiscal Regimes of Tanzania /  |c Raphael Bahati Tweve Mgaya 
256 |a Servicio en ln̕ea 
260 |a Dodoma:  |b Lambert Academic Publishing,  |c 2019 
300 |a 1 recurso electrn̤ico 
500 |a The Fiscal Regimes of Tanzania is governed by various legal instruments most notably the Petroleum Act 2015 which sets out the royalty rates, minimum requirement for state participation, ring fencing, payment of training fees and bonuses. Other instruments such as the Income Tax Act 2004 provide for corporate tax, income tax, PAYE tax for employees, withholding taxes and capital gain tax. The existing petroleum contracts namely Production Sharing Agreements (PSAs) provide on matters such as profit sharing, cost recovery, cost oil or cost gas, additional profit tax, among others. The Model Production Agreement (MPSA), 2013 is currently in force and it provides guidelines for new PSAs to be entered into newly opened areas. Since its promulgation, the MPSA has not been tested. The previous 4th Bidding Round was based on the MPSA terms and no new PSA was signed following the last bidding round, arguably due to tough fiscal terms as embodied in the MPSA. This book, which is based on a study by the author undertaken between 2013 and 2014, illustrate why existing fiscal terms of Tanzania are considered as being tough compared similar hydrocarbon provinces in the region 
506 1 |a Disponible solo en los productos indicados  |d vLex Global  |d vLex Global (Academic Edition, excluding Law Schools)  |d vLex Global (U.S. Academic Edition, Law Schools)  |d vLex Global (U.S. Academic Edition, excluding Law Schools)  |d vLex Global (Academic Edition, Law Schools) 
650 0 4 |a Derecho Fiscal  |z Tanzania 
740 0 |a vLex Libros (Servicio en ln̕ea) 
856 4 0 |u http://vlex.com/source/29717  |z Acceso restringido 
942 |c BOOK 
999 0 |a Tax Law